Statistics for Countries Most Similar To Ukraine

Click here to take the quiz!

General Stats

  • This quiz has been taken 57 times
  • The average score is 17 of 20

Answer Stats

RankCountryScore% Correct
2Russia77.7
100%
1Belarus82.2
98%
10Poland72.4
98%
4Moldova76.8
95%
3Bulgaria76.9
89%
20Estonia68.4
89%
6Romania74.3
89%
5Serbia76.5
86%
13Latvia71.4
84%
8Lithuania73.6
84%
7Slovakia73.6
84%
18Georgia68.6
80%
15Bosnia and Herzegovina70.6
77%
12Croatia72
77%
14Hungary71.3
77%
16Slovenia69.3
75%
19Armenia68.5
73%
17Czechia69.1
73%
9Montenegro73
66%
11North Macedonia72.1
61%

Score Distribution

Percentile by Number Answered

Percent of People with Each Score

Your Score History

You have not taken this quiz